| 000 | 00491cam a2200133 4500 | ||
|---|---|---|---|
| 008 | 040521n2001 000 0 eng u | ||
| 020 | _a0117536253 | ||
| 035 | _a(Sirsi) u126254 | ||
| 110 |
_aDepartment for Transport, Local Government and the Regions _94091 |
||
| 245 | _aControl of development affecting trunk roads and agreements with developers under section 278 of the Highways Act 1980 | ||
| 260 |
_aNorwich _bStationery Office _c2001 |
||
| 490 |
_aDTLR Circular _v04/2001 |
||
| 942 | _n0 | ||
| 999 |
_c103591 _d103591 |
||